000
00210nam a22001097a 4500
003
SGT
100
_a
TONDON,B.K
245
_a
TEXTBOOK OF HUMAN ANATOMY
250
_a
2ND
260
_b
APH, PUB
942
_2
ddc
_c
CD
999
_c
15728
_d
15728